Central Library OPAC University of Rajshahi

Science & music / (Record no. 18396)

MARC details
000 -LEADER
fixed length control field 00703nam a2200241 4500
001 - CONTROL NUMBER
control field 18396
003 - CONTROL NUMBER IDENTIFIER
rucl marc code BD-RjUL
005 - DATE AND TIME OF LATEST TRANSACTION
control field 20211209000259.0
008 - FIXED-LENGTH DATA ELEMENTS--GENERAL INFORMATION
fixed length control field 970711r19471937enkafg b 000 0 eng d
035 ## - SYSTEM CONTROL NUMBER
System control number (BD-RjUL)18454
040 ## - CATALOGING SOURCE
Original cataloging agency BD-RjUL
Language of cataloging eng
Transcribing agency BD-RjUL
041 ## - LANGUAGE CODE
Language code of text/sound track or separate title eng
082 ## - DEWEY DECIMAL CLASSIFICATION NUMBER
Classification number 787.23
Author mark and year JES 1953
100 1# - MAIN ENTRY--PERSONAL NAME
Personal name Jeans, James,
Dates associated with a name 1877-1946.
9 (RLIN) 26311
245 10 - TITLE STATEMENT
Title Science & music /
Statement of responsibility, etc. by Sir James Jeans.
260 ## - PUBLICATION, DISTRIBUTION, ETC. (IMPRINT)
Place of publication, distribution, etc. Cambridge :
Name of publisher, distributor, etc. Cambridge University Press,
Date of publication, distribution, etc. 1953.
300 ## - PHYSICAL DESCRIPTION
Pagination x, 258 p., 9 p. of plates :
Illustrations ill. ;
Size 20 cm.
504 ## - BIBLIOGRAPHY, ETC. NOTE
Bibliography, etc Bibliography: p. x.
650 #0 - SUBJECT ADDED ENTRY--TOPICAL TERM
Topical term or geographic name as entry element Music
General subdivision Acoustics and physics.
9 (RLIN) 26320
Topical term or geographic name as entry element Sound.
9 (RLIN) 56662
942 ## - ADDED ENTRY ELEMENTS (KOHA)
Source of classification or shelving scheme Dewey Decimal Classification
Koha item type Books
Holdings
Lost status Source of classification or shelving scheme Damaged status Not for loan Collection code Permanent Location Current Location Shelving location Date acquired Source of acquisition Cost, normal purchase price Total Checkouts Full call number Date last seen Copy number Koha item type
  Dewey Decimal Classification   Not For Loan Fiction Central Library, University of Rajshahi Central Library, University of Rajshahi Reading Room 21/05/1955 Pak-American Com. 9.00   787.23 JES 1953 20/02/2014 C-1 Books